Church and State in the Modern Age: A Documentary History  (Record no. 495)

MARC details
000 -LEADER
fixed length control field 00651nam a2200169Ia 4500
008 - FIXED-LENGTH DATA ELEMENTS--GENERAL INFORMATION
fixed length control field 240428s9999||||xx |||||||||||||| ||und||
020 ## - INTERNATIONAL STANDARD BOOK NUMBER
International Standard Book Number 9780195086812
041 ## - LANGUAGE CODE
Language code of text/sound track or separate title eng
082 ## - DEWEY DECIMAL CLASSIFICATION NUMBER
Classification number 322.1C
100 ## - MAIN ENTRY--PERSONAL NAME
Personal name Maclear, J.F.
245 #0 - TITLE STATEMENT
Title Church and State in the Modern Age: A Documentary History 
260 ## - PUBLICATION, DISTRIBUTION, ETC.
Name of publisher, distributor, etc. Oxford University Press
Place of publication, distribution, etc. Oxford
Date of publication, distribution, etc. 1995
300 ## - PHYSICAL DESCRIPTION
Extent x, 510p
650 ## - SUBJECT ADDED ENTRY--TOPICAL TERM
Topical term or geographic name entry element - Church and statde -- History -- 18th century -- So - PoliticalChurch and state -- History -- 19th centu - Church and state -- History -- 20th century - Church and state -- Europe -- History - Church and state -- America -- History
942 ## - ADDED ENTRY ELEMENTS (KOHA)
Koha item type Books
Holdings
Withdrawn status Lost status Damaged status Not for loan Home library Current library Shelving location Date acquired Total checkouts Full call number Date last seen Copy number Price effective from Koha item type
        Main Library Main Library Open Shelves 13/01/2022   322.1C 00798 C1 29/04/2024 1 29/04/2024 Books
©2026  Parliament of Ghana Library - All rights reserved